000 01061nam a2200289Ia 4500
003 OSt
005 20221005110550.0
006 a|||||r|||| 00| 0
007 ta
008 221004b |||||||| |||| 00| 0 hin d
020 _a8126302070 (pbk)
_cINR 250.00
024 _a37066
037 _bBW/1695, 15/03/2018, Bookwell
_cTextual
040 _aCRL
_cCRL
_bhin
041 _2hin
_ahin
082 _aO152,3N381,KA, Q6
100 _aगर्ग, मृदुला, ले.
245 0 _aकठगुलाब
246 _aKaṭhagulāba
260 _aनई दिल्ली
_bभारतीय ज्ञानपीठ भारत
_c2016
300 _a265पृ0
_ccm.
490 _aलोकोदय ग्रन्थमाला; ग्रन्थांक 610
650 _a हिन्दी साहित्य
650 _aहिन्दी कहानी
942 _hO152,3N381,KA, Q6
_cTEXL
_2cc
999 _c1019222
_d1019222